000 00926nam a2200265Ia 4500
003 OSt
005 20220923231017.0
006 a|||||r|||| 00| 0
007 ta
008 220922b |||||||| |||| 00| 0 pan d
020 _c280
024 _a353,659
037 _b1197, 20/02/2020, H.K. Prakashan
_cTextual
040 _aARTS
_cARTS
_bpan
041 _2pan
_apan
082 _aO153,1:g, Q9
100 _aਅਰੋੜਾ, ਪ੍ਰੇਮ ਕੌਰ, ਂਚ.
245 0 _aਨ ਕਰ ਚਿੰਤੁ ਚਿੰਤਾ ਹੈ ਕਰਤੇ
260 _aਦਿੱਲੀ
_b ਮਨਪ੍ਰੀਤ ਪ੍ਰਕਾFਨ
_c2019
300 _a91ਪ੍ਰ0
_ccm.
650 _a ਪੰਜਾਬੀ ਕਾਵਿ
650 _aਪੰਜਾਬੀ ਸਾਹਿਤ
942 _hO153,1:g, Q9
_cTEXL
_2CC
999 _c388755
_d388755